La Ley de Violencia Familiar Ley de Gňero - Ley de Proteccin̤ Integral de Niǫs, Niąs y Adolescentes /

Bibliographic Details
Main Author: Carranza, Jorge Luis
Format: eBook
Language:Spanish
Published: Cr̤doba: Alveroni Ediciones, 2020
Subjects:
Online Access:Acceso restringido

MARC

LEADER 00000nam a22000007a 4500
005 2021051902472.0
007 cr|||| ||||
008 210519s2020 ar |||||s|||| 00||0 spa d
020 |a 978-987-643-189-7 
035 |z 33592 
040 |a vLex 
090 |c 11735  |d 11735 
100 1 |a Carranza, Jorge Luis 
245 1 2 |a  La Ley de Violencia Familiar  |h [Recurso electrn̤ico] :  |b Ley de Gňero - Ley de Proteccin̤ Integral de Niǫs, Niąs y Adolescentes /  |c Jorge Luis Carranza 
256 |a Servicio en ln̕ea 
260 |a Cr̤doba:  |b Alveroni Ediciones,  |c 2020 
300 |a 1 recurso electrn̤ico 
500 |a La Ley de Violencia Familiar (Nð 9283, y su modificatoria Nð 10.400) - Ley de Gňero (Nð 10.401) - Ley de Proteccin̤ Integral de Niǫs, Niąs y Adolescentes (Nð 9944) 
506 1 |a Disponible solo en los productos indicados  |d vLex Global  |d vLex Global (Academic Edition, excluding Law Schools)  |d vLex Global (U.S. Academic Edition, Law Schools)  |d vLex Global (U.S. Academic Edition, excluding Law Schools)  |d vLex Global (Academic Edition, Law Schools) 
650 0 4 |a Familia y Sucesiones  |z Argentina 
740 0 |a vLex Libros (Servicio en ln̕ea) 
856 4 0 |u https://vlex.com/source/ley-de-violencia-familiar-n-9283-y-su-modificatoria-n-10-400-ley-de-genero-n-10-401-ley-de-proteccion-integral-de-ni-os-ni-as-y-adolescentes-n-9944--33592  |z Acceso restringido 
942 |c BOOK 
999 0 |a Familia y Sucesiones